000 00559nam a2200205 a 4500
001 42843
003 BD-RjUL
005 20211209053613.0
008 160616s1964 enka b 000 0 eng d
035 _a(BD-RjUL)42961
040 _beng
_aBD-RjUL
_cBD-RjUL
041 _aeng
082 _223
_a330.1
_bSCP 1964
100 1 _aScitovsky, Tibor.
_9131151
245 1 0 _aPapers on welfare and growth /
_cTibor Scitovsky.
260 _aLondon :
_bG. Allen,
_c1964.
300 _a274 p. :
_bill. ;
_c21 cm.
650 0 _aWelfare economics.
_9131627
942 _2ddc
_cBK
999 _c42843
_d42843